000 00291nam a2200121Ia 4500
005 20251222144649.0
008 251222s9999||||xx |||||||||||||| ||spa||
082 _a239.1/G34Q
100 _aGea Escolano, José
245 0 _aLo que todo catequista debe saber
264 _bs.e.
942 _cLIB
999 _c17002
_d17002